Las palabras y las cosas: una arqueología de las ciencias humanas /
Gardado en:
| Autor Principal: | |
|---|---|
| Outros autores: | |
| Formato: | Desconocido |
| Idioma: | Spanish |
| Publicado: |
México:
Siglo Veintiuno,
1968.
|
| Edición: | 1. edición |
| Series: | Teoría y crítica
|
| Materias: | |
| Etiquetas: |
Engadir etiqueta
Sen Etiquetas, Sexa o primeiro en etiquetar este rexistro!
|
MARC
| LEADER | 000000000a22000000004500 | ||
|---|---|---|---|
| 001 | 001064 | ||
| 008 | 150105s1968 mx |||||r|||| 00| 0 spa d | ||
| 041 | 0 | |a español | |
| 082 | |a 901.9 |b F762p 1968 | ||
| 100 | 1 | |a Foucault, Michel |c 1926-1984 | |
| 245 | 1 | 4 | |a Las palabras y las cosas: |b una arqueología de las ciencias humanas / |c por Michel Foucault ; traducción de Elsa Cecilia Frost |
| 250 | |a 1. edición | ||
| 260 | |a México: |b Siglo Veintiuno, |c 1968. | ||
| 300 | |a 375 páginas | ||
| 490 | 1 | |a Teoría y crítica | |
| 500 | |a Número de inscripción 13330 (George Yúdice) -- Título original: Les mots et les choses, une archéologie des sciences humanines | ||
| 650 | 4 | |a CIVILIZACION |x HISTORIA | |
| 700 | 1 | 2 | |a Frost, Elsa Cecilia |e traducción |
| 942 | |2 ddc |c BK | ||
| 999 | |c 2182 |d 2182 | ||
